LEADER 01778nas 2200397 n 450 001 990008915040403321 005 20240229084427.0 011 $a0005-2175 035 $a000891504 035 $aFED01000891504 035 $a(Aleph)000891504FED01 035 $a000891504 091 $2CNR$aP 00001544 100 $a20161109a19609999km-y0itaa50------ba 101 0 $aeng 102 $aUS 110 $aauu-------- 200 1 $aAviation week & space technology 207 1$a1960- 210 $aNew York$cMcGraw-Hill 430 0$1001000891503$12001$aAviation week 430 0$12001$aAviation week, including space technology 452 0$12001$aAviation week & space technology (Online) 530 0 $aAviation week & space technology 675 $a629.13 676 $a629.105 801 0$aIT$bACNP$c20090723 859 4 $uhttp://acnp.cib.unibo.it/cgi-ser/start/it/cnr/dc-p1.tcl?catno=827&person=false&language=ITALIANO&libr=&libr_th=unina1$zBiblioteche che possiedono il periodico 901 $aSE 912 $a990008915040403321 958 $aBiblioteca. Dipartimento di Ingegneria aerospaziale. Sede di via Claudio. Università degli studi di Napoli Federico II$b1965-1974;1976-1989;1991-1993;$c1965-1967;1969;1976;1978;$eBBII/IIIs$fDINPA 959 $aDINPA 996 $aAviation week & space technology$9799862 997 $aUNINA AP1 8 $6866-01$aNA132 Biblioteca. Dipartimento di Ingegneria aerospaziale. Sede di via Claudio. Università degli studi di Napoli Federico II$bBBII/IIIs$ev. Claudio,21, 80125 Napoli (NA)$m(081) 7683319$m(081) 7683622$nit AP2 40$aacnp.cib.unibo.it$nACNP Italian Union Catalogue of Serials$uhttp://acnp.cib.unibo.it/cgi-ser/start/it/cnr/df-p.tcl?catno=827&language=ITALIANO&libr=&person=&B=1&libr_th=unina&proposto=NO LEADER 01751nam0 22004453i 450 001 PUV0283813 005 20251003044312.0 010 $a0198533039 100 $a20150221d1959 ||||0itac50 ba 101 | $aeng 102 $agb 181 1$6z01$ai $bxxxe 182 1$6z01$an 183 1$6z01$anc$2RDAcarrier 200 1 $aConduction of heat in solids$fby H. S. Carslaw and J. C. Jaeger 205 $a2. ed 210 $aOxford$cClarendon Press$d1959 215 $aVIII, 510 p.$cill.$d25 cm 300 $aContiene indice dei soggetti 606 $aCalore$xTrasmissione$2FIR$3CFIC006958$9E 606 $aTrasformate di Laplace$2FIR$3CFIC027978$9E 676 $a536$9CALORE$v12 676 $a536$9Calore$v14 676 $a536.23$9CALORE. TRASMISSIONE NEI SOLIDI (CONDUZIONE)$v19 676 $a536.23$9Trasmissione del calore. Conduzione$v22 696 $aTrasformazioni di Laplace$aLaplace, trasformate di$aLaplace, trasformazioni di 699 $aTrasformate di Laplace$zTrasformazioni di Laplace 699 $aTrasformate di Laplace$yLaplace, trasformate di 699 $aTrasformate di Laplace$yLaplace, trasformazioni di 700 1$aCarslaw$b, Horatio Scott$3MILV003137$4070$029552 701 1$aJaeger$b, John Conrad$f <1907-1979>$3MILV003138$4070$0287556 790 1$aJaeger$b, J. C.$3MILV194509$zJaeger, John Conrad <1907-1979> 801 3$aIT$bIT-000000$c20150221 850 $aIT-BN0095 901 $bNAP 01$cSALA $n$ 912 $aPUV0283813 950 0$aBiblioteca Centralizzata di Ateneo$d 01SALA 536.23 CAR co$e 0104 0000017715 VMA 1 v.$fA $i20110502 977 $a 01 996 $aConduction of heat in solids$9345623 997 $aUNISANNIO